Jézus az én barátom római katolikus hittankönyv az alapiskolák 2. osztálya számára

Podrobná bibliografia
Hlavní autori: Jurčáková, Stanislava (Autor), Syneková, Mária (Autor)
Ďalší autori: Zdravecká, Juliana (Ilustrátor), Paksy, Erzsébet (Prekladateľ)
Médium: Kniha
Jazyk:maďarčina
slovenčina
Fyzický popis:56 s. fareb. ilustr. 29 cm [8] s. text.
Vydavateľské údaje: Trnava Spolok svätého Vojtecha 2007
ISBN:9788071626671
Vydanie:5. kiad.
Predmet:

MARC

LEADER 00000nam a2200000 a 4500
001 vtls009141005
003 SK-MaSNL
005 20260301170503.0
008 240318s2007 xo a c p 000 0 hun
015 |a SNBA2007/12-05706 
020 |a 9788071626671  |q (brož.) 
035 |a 09A063E7-5B0C-4966-B1C6-D2CB7B0BBED3 
035 |a EE43E405-3D20-45C4-8765-C75FBFBE651B 
035 |a urn:nbn:sk:snk-am005dfv 
035 |a urn:nbn:sk:snk-amjv9k 
035 |a urn:nbn:sk:snk-am008503 
040 |a SNK  |b slo  |c SNK  |e AACR2 
041 1 |a hun  |h slo 
044 |a xo  |c SK 
072 7 |a 27  |x Kresťanstvo. Kresťanská cirkev všeobecne. Ekleziológia  |2 konspekt 
080 |a 272-1/-9  |2 2001 
080 |a (075.2)  |2 2001 
100 1 |a Jurčáková, Stanislava  |4 aut  |9 44654 
245 1 0 |a Jézus az én barátom  |b római katolikus hittankönyv az alapiskolák 2. osztálya számára  |c Stanislava Jurčáková, Mária Syneková ; illusztrátor, borítóterv és grafikai szerkesztő Juliana Zdravecká ; [fordította: Paksy Erzsébet] 
250 |a 5. kiad. 
260 |a Trnava  |b Spolok svätého Vojtecha  |c 2007 
300 |a 56 s.  |b fareb. ilustr.  |c 29 cm  |e [8] s. text. 
650 0 7 |a gréckokatolícke náboženstvo  |2 SNKPH  |9 67893 
650 0 7 |a Greek catholic religion  |2 SNKPHeng  |9 308667 
655 7 |a učebnice základných škôl  |2 SNKPH  |9 70187 
655 7 |a Textbooks (elementary)  |2 SNKPHeng  |9 276977 
700 1 |a Syneková, Mária  |4 aut  |9 47066 
700 1 |a Zdravecká, Juliana  |4 ill  |4 bkd  |9 47866 
700 1 |a Paksy, Erzsébet  |4 trl  |9 46121 
919 |a 978-80-7162-667-1 
958 |a OND 
958 |a NB 
958 |a OP 
958 |a HU 
958 |a NM 
968 |a Mag  |b SLO  |b 37 
999 |c 827749  |d 829679 
952 |a SNK  |b SNK  |y PREZ  |7 0  |p 17A0562188  |o snkSB 75033  |i snk2007/20677  |8 0  |3 Príloha: 1 brožúra (8 s.)  |0 0  |1 0  |4 0  |d 2007-09-17  |f 1  |l 0  |r 2025-04-25 00:00:00  |w 2026-02-24 
952 |a SNK  |b SNK  |y VYP  |7 0  |p 17A0562186  |o snkSB 75033 D1  |i snk2007/20678  |8 0  |3 Príloha: 1 brožúra (8 s.)  |0 0  |1 0  |4 0  |d 2007-09-17  |l 0  |r 2016-06-30 00:00:00  |w 2026-02-24 
952 |a SNK  |b SNK  |y PREZ  |7 0  |p 17A0562189  |o snkSB 75033/pril.  |i snk2007/20677  |8 0  |3 Príloha: 1 brožúra (8 s.)  |z Príloha  |0 0  |1 0  |4 0  |d 2007-09-17  |f 1  |l 0  |r 2025-04-25 00:00:00  |w 2026-02-24 
952 |a SNK  |b SNK  |y VYP  |7 0  |p 17A0562187  |o snkSB 75033/pril. D1  |i snk2007/20678  |8 0  |3 Príloha: 1 brožúra (8 s.)  |z Príloha  |0 0  |1 0  |4 0  |d 2007-09-17  |l 0  |r 2016-06-30 00:00:00  |w 2026-02-24